000 01248pam a2200385 i 4500
999 _c710
_d710
001 017912235
003 Uk
005 20191205113431.0
008 160517s2016 enka 000|1|eng|d
015 _aGBB691296
_2bnb
016 7 _a017912235
_2Uk
020 _a9781509808359 (pbk.) :
040 _aStDuBDS
_beng
_cStDuBDS
_dUk
_erda
042 _aukblcatcopy
082 _aFIC ADA
100 1 _aAdams, Douglas,
_d1952-2001,
_eauthor.
245 1 0 _aSo long, and thanks for all the fish /
_cDouglas Adams ; with a foreword by Neil Gaiman.
250 _a[New] edition.
264 1 _aLondon :
_bPan Books,
_c2016.
264 4 _c©1984, 2009
300 _axii, 187 pages :
_billustrations ;
_c20 cm.
336 _atext
_2rdacontent
337 _aunmediated
_2rdamedia
338 _avolume
_2rdacarrier
490 0 _aThe hitchhiker series ;
_vvolume 4
500 _aPrevious edition: 2009.
500 _aIncludes material from the Douglas Adams archives.
500 _aFormerly CIP.
_5Uk
600 1 0 _aDent, Arthur
_c(Fictitious character)
_vFiction.
600 1 0 _aPrefect, Ford
_vFiction.
655 0 _aScience fiction.
700 _aGaiman, Neil
_eWriter of foreword
942 _2ddc
_cFIC